| 000 | 00000cam 2200000zi 4500 |
| 001 | 9.963161 |
| 003 | CaOODSP |
| 005 | 20260528154949 |
| 006 | m o d f |
| 007 | cr |n||||||||| |
| 008 | 260528e202605##onc o f|0| 0 fre d |
| 040 | |aCaOODSP|bfre|erda|cCaOODSP |
| 043 | |an-cn--- |
| 086 | 1 |aXC60-1/1-451-5F-PDF |
| 110 | 1 |aCanada. |bParlement. |bChambre des communes. |bComité permanent des langues officielles, |eauteur, |eorganisme de publication. |
| 245 | 10|aPropositions du Comité permanent des langues officielles de la Chambre des communes à l'égard de l'avant-projet de règlement sur la Partie VII de la Loi sur les langues officielles / |cYvan Baker, président. |
| 264 | 1|a[Ottawa] : |bChambre des communes, Canada = House of Commons, Canada, |cmai 2026. |
| 300 | |a1 ressource en ligne (v, 16 pages). |
| 336 | |atexte|btxt|2rdacontent/fre |
| 337 | |ainformatique|bc|2rdamedia/fre |
| 338 | |aressource en ligne|bcr|2rdacarrier/fre |
| 490 | 1 |aRapport du Comité permanent des langues officielles ; |v5e rapport, 45e législature, 1re session |
| 500 | |aPublié aussi en anglais sous le titre : Proposals from the House of Commons Standing Committee on Official Languages regarding the draft proposed regulations under Part VII of the Official Languages Act. |
| 610 | 16|aCanada. |tLoi sur les langues officielles. |
| 650 | 6|aPolitique linguistique|zCanada. |
| 650 | 6|aBilinguisme|xPolitique gouvernementale|zCanada. |
| 700 | 1 |aBaker, Yvan. |
| 775 | 08|tProposals from the House of Commons Standing Committee on Official Languages regarding the draft proposed regulations under Part VII of the Official Languages Act / |w(CaOODSP)9.963160 |
| 830 | #0|aRapport du Comité permanent des langues officielles ;|v5e rapport, 45e législature, 1re session.|w(CaOODSP)9.503702 |
| 856 | 40|qPDF|s3.33 Mo|uhttps://publications.gc.ca/collections/collection_2026/parl/xc60-1/XC60-1-1-451-5-fra.pdf |
| 856 | 4 |qHTML|sS.O.|uhttps://www.noscommunes.ca/documentviewer/fr/45-1/LANG/rapport-5 |